• 首页
  • 本馆介绍
  • 公告通知
  • 最新文献
  • 馆藏检索
  • 电子资源
  • 读者导购
  • 参考咨询
  • 我的图书馆
  • 登录
  • 详细信息显示
  • 放入我的书架
  • 预约/预借图书
  • 作者相关作品
  • 分类相关作品
  • 丛书相关作品
  • 出版社相关作品

书目信息

  • 表格格式
  • 工作单格式
  • 卡片格式
题名:
马斯克林群岛史
    
 
作者: 图森 著
分册:  
出版信息: 上海   上海人民出版社  1977
页数: 627页
开本: 20cm
丛书名:
单 册:
中图分类: K484
科图分类:
主题词: 毛里求斯--历史
电子资源:
ISBN:
000 00618nam0 2200217 45
001 0177000433
005 20060725145610.34
010    @dCNY1.95
100    @a19951017d1977 em y0chiy0121 ea
101 0  @achi@cfre
102    @aCN@b310000
105    @ay z 000yy
200 10 @a马斯克林群岛史@Ama si ke lin qun dao shi@f(法)奥古斯特·图森著@F(Fa)AoGu Si Te·Tu Sen Zhu
210    @a上海@c上海人民出版社@d1977
215    @a627页@c附图@d20cm
606 0  @a毛里求斯@x历史
690    @aK484@v3
701  0 @a图森@4著
801  2 @aCN@bNLC@c20060725
801  0 @aCN@b广东省中山图书馆@c20060719
905    @dK484@e1@f1@b228399
    
    马斯克林群岛史/(法)奥古斯特·图森著.-上海:上海人民出版社,1977
    627页:附图;20cm
    
    
    ISBN :CNY1.95
    
●
相关链接 在E读中查询图书 在五车中查询图书 在当当中查询图书 在豆瓣中查询图书


正题名:马斯克林群岛史     索取号:K484/1         预约/预借

序号 登录号 条形码 馆藏地/架位号 状态 备注
1 0022300   202154471   密集书库/ [索取号:K484/1] 在馆    
2 0218825   202319874   密集书库/ [索取号:K484/1] 在馆    
3 0218826   001396260   第二借阅区/ [索取号:K484/1] 在馆    
4 0218827   001396279   第二样本阅览室/ [索取号:K484/1] 在馆    
5 0228398   001396144   第二借阅区/ [索取号:K484/1] 在馆    
6 0228399   001396153   第二借阅区/ [索取号:K484/1] 在馆    
7 0435107   204351076   密集书库/ [索取号:K484/1] 在馆    
8 0436165   204361653   密集书库/ [索取号:K484/1] 在馆    
9 0436166   204361662   密集书库/ [索取号:K484/1] 在馆    
唐山师范学院图书馆 欢迎您!
大连网信软件有限公司© 版权所有